000 00593nam a2200145 a 4500
008 130319s1992 ||||||||||||||||| || u
020 _a1853391247
050 _aTT 896.5 Mil
100 _aMillington, Deborah
245 1 0 _aTraditional candlemaking: simple methods of manufacture
_cby Deborah Millington
260 _aLondon:
_bIntermediate Technology Publications
_c1992
300 _a40p.: ill.
650 _aTRADITIONAL CANDLEMAKING
995 _FCBU-MAIN LIBRARY (Kitwe)
_M1
_UAVAILABLE
_WMar 19, 2013
_ZMain Library Open Access Collection
999 _c60238
_d60238